[Event "RUS-Cup02"]
[Site "Moscow"]
[Date "1998.01.22"]
[Round "2"]
[White "Guliev, Sarhan"]
[Black "Morozevich, Alexander"]
[Result "1-0"]
[WhiteElo "2445"]
[BlackElo "2590"]
[Annotator "Huebner,R"]
[PlyCount "65"]
[EventDate "1998.01.21"]
[EventType "swiss"]
[EventRounds "9"]
[EventCountry "RUS"]
[SourceTitle "CBM 063"]
[Source "ChessBase"]
[SourceDate "1998.03.26"]
[SourceVersion "1"]
[SourceVersionDate "1998.03.26"]
[SourceQuality "1"]

1. d4 d5 2. c4 c6 3. Nc3 e5 4. cxd5 cxd5 5. dxe5 d4 6. Ne4 Qa5+ 7. Nd2 Nc6 8.
Ngf3 Nh6 9. g3 Ng4 10. Bg2 Ne3 11. fxe3 dxe3 12. O-O exd2 13. Bxd2 Qb6+ 14. Kh1
Be7 15. Bg5 O-O 16. Bxe7 Nxe7 17. Ng5 (17. Qd6 Nc6 18. Qd2 h6 19. Rfd1 Be6 $11
{1/2-1/2 Chirila,R-Sandu,M/ROM-chT 1992 (37)}) 17... h6 (17... Nf5 $6 18. Qd3 (
18. Qc2 $2 {ist nicht empfehlenswert:} Nxg3+ 19. hxg3 Qh6+ $19) 18... h6 19. g4
hxg5 20. gxf5 Qxb2 21. Qe4 (21. Qe3 {wird mit} Bxf5 {beantwortet.}) 21... Re8
22. e6 fxe6 23. f6 {kann sich Schwarz nicht erlauben.}) (17... Qxb2 {ist nicht
besser als der Textzug:} 18. Nxf7 Bg4 (18... Be6 19. Nh6+ gxh6 20. Qd6 {
sieht auch nicht vertrauenerweckend für Schwarz aus.}) 19. Bd5 Qb5 (19... Bxe2
{scheitert an} 20. Nd8+) 20. Bb3 (20. Nh6+ Kh8 21. Nxg4 {birgt ebenfalls
einige Risiken für Schwarz.}) 20... Qc6+ 21. Kg1 Qb6+ 22. Rf2 Be6 23. Bxe6 Qxe6
24. Qd6 Qxd6 25. Nxd6 {und Schwarz kämpft um das Remis.}) 18. Qd6 Nf5 19. Qxb6
axb6 20. e6 (20. Nxf7 Ne3 21. Nd6 Nxf1 22. Rxf1 Rxf1+ 23. Bxf1 Be6 {ist
offensichtlich ungünstig für Weiß.}) (20. Ne4 Ne3 21. Rfc1 Be6 {führt zu
besserem Spiel für Schwarz.}) (20. Nf3 Be6 21. a3 Ne3 22. Rfc1 Bd5 {verursacht
dem Nachziehenden auch keine Probleme.}) 20... Ne3 {Dies ist ein scharfer
Gewinnversuch. Schwarz erobert die Qualität, muß dem Weißen jedoch einen
gefährlichen Freibauern auf f7 einräumen. Zum Ausgleich führte} (20... fxe6 21.
Nf3 (21. Ne4 Bd7 $11) 21... Ne3 22. Rfc1 Ra5 $11) ({oder} 20... hxg5 21. Rxf5
Bxe6 22. Rxg5 Bxa2 23. Rc1 Rfc8 24. Rxc8+ Rxc8 25. Bxb7 Rc1+ 26. Kg2 Rc2 $11)
21. exf7+ Kh8 22. Nf3 Nxf1 23. Ne5 Nxg3+ 24. hxg3 Bf5 ({Nach} 24... Kh7 25.
Be4+ g6 26. Nxg6 Rxf7 27. Ne5+ Bf5 28. Nxf7 Bxe4+ 29. Kg1 {muß Schwarz um das
Remis kämpfen.}) 25. b4 {Weiß versucht die Stellung seines Springers auf e5 so
lange wie möglich zu erhalten.} ({Nach} 25. Rf1 g6 26. e4 (26. b4 Kg7 $17)
26... Ra5 27. Nc4 (27. exf5 Rxe5 28. fxg6 Kg7 $17) 27... Rc5 28. exf5 Rxc4 29.
fxg6 Kg7 {bleibt Schwarz im Vorteil.}) 25... Ra3 $2 (25... Kh7 26. Rf1 g6 27.
Bd5 (27. g4 Be6 28. Rf6 (28. Be4 Kg7 $17) 28... Bxf7 29. Rxf7+ Rxf7 30. Nxf7
Rxa2 31. e4 Rb2 {sieht gefahrlos für Schwarz aus.}) 27... Rad8 28. e4 Rxd5 29.
exd5 Be4+ 30. Kh2 Bxd5 31. Rf6 Bxa2 {kann Schwarz wohl überleben.}) (25... Rad8
{zur Kontrolle der Felder d5 und d7 kommt auch in Betracht.}) 26. e4 (26. Rf1
g6 27. g4 ({Die Fortsetzung} 27. e4 Re3 28. g4 Bxe4 29. Bxe4 Rxe4 30. Nxg6+ Kg7
31. Nxf8 Kxf8 {ist nicht gewinnträchtig für Weiß.}) 27... Re3 28. Nc4 Rc3 29.
Ne5 (29. gxf5 Rxc4 30. fxg6 Kg7 {ist unvorteilhaft für Weiß.}) 29... Re3 {
ergibt nur remis.}) 26... Re3 ({Nach} 26... Bh7 27. Rf1 {ist 28.Sd7 nicht mehr
zu verhindern:} Raa8 28. Nd7 Bg6 29. Nxf8 Rxf8 30. e5 Rxf7 31. Rxf7 Bxf7 32. a4
{und der a-Bauer ist nicht mehr aufzuhalten.}) 27. g4 Bh7 (27... Rxe4 28. Bxe4
Bxe4+ 29. Kh2 g5 30. Re1 Bh7 31. Rc1 Kg7 32. Rc7 Be4 33. a4 $18 {führt zum
Verlust.}) 28. Rf1 g5 29. Nd7 Kg7 30. Nxf8 Kxf8 31. Rf6 b5 $2 ({Nach} 31...
Bxe4 32. Bxe4 Rxe4 33. Rxb6 Re1+ (33... Kxf7 34. Rxb7+ Kf6 35. a4 Rxg4 36. a5 {
sieht hoffnungslos für Schwarz aus.}) (33... Re7 34. Rxh6 Rxf7 35. Rb6 {
bringt auch keine Rettung.}) 34. Kg2 Re2+ 35. Kf3 Rxa2 36. Rxb7 {schwebt
Schwarz in höchster Verlustgefahr. Der Textzug verliert aber auf der Stelle.})
32. Kg1 Rg3 33. e5 1-0

[Event "EU-chT (Men) 11th"]
[Site "Pula"]
[Date "1997.05.??"]
[Round "8.4"]
[White "Yakovich, Yuri"]
[Black "Sadler, Matthew D"]
[Result "1/2-1/2"]
[WhiteElo "2575"]
[BlackElo "2645"]
[Annotator "Huebner,R"]
[PlyCount "84"]
[EventDate "1997.05.05"]
[EventType "team-swiss"]
[EventRounds "9"]
[EventCountry "CRO"]
[SourceTitle "CBM 057 Extra"]
[Source "ChessBase"]
[SourceDate "1997.05.01"]
[SourceVersion "1"]
[SourceVersionDate "1997.05.01"]
[SourceQuality "1"]
[WhiteTeam "Russia"]
[BlackTeam "England"]
[WhiteTeamCountry "RUS"]
[BlackTeamCountry "ENG"]

1. d4 d5 2. c4 c6 3. Nc3 dxc4 4. e4 b5 5. a4 b4 6. Na2 Nf6 7. e5 Nd5 8. Bxc4 e6
9. Nf3 Be7 10. Bd2 a5 11. Nc1 Nd7 12. Nb3 Bb7 13. Qe2 c5 14. O-O O-O 15. Bd3
cxd4 16. Rfc1 Qb6 17. Nbxd4 Rfc8 18. Bb5 Nf8 19. g3 Rc7 20. Rxc7 Nxc7 21. Bd3
Rd8 22. Re1 Na6 23. Be4 Bxe4 24. Qxe4 Bc5 25. Be3 Rd5 26. Nb3 Bxe3 27. Qxe3 Qb7
28. Nfd4 Nb8 29. Nb5 Nc6 30. f4 Ne7 31. N3d4 Nfg6 32. Nd6 Qb8 33. N4b5 Nf5 $2 (
33... h6 $14) 34. Nxf5 exf5 35. Nd6 $2 (35. e6 $18 {vgl. "Schach" 5/1997, S.21.
}) 35... Ne7 36. Kf2 h6 37. Re2 Rd1 38. Re1 Nd5 39. Qe2 Rxe1 40. Qxe1 Qa7+ 41.
Kg2 Qa6 42. Kf2 Qa7+ 1/2-1/2

[Event "Sarajevo Bosnia 29th"]
[Site "Sarajevo"]
[Date "1999.05.21"]
[Round "5"]
[White "Kasparov, Garry"]
[Black "Sokolov, Ivan"]
[Result "1-0"]
[WhiteElo "2812"]
[BlackElo "2624"]
[Annotator "Huebner,R"]
[PlyCount "97"]
[EventDate "1999.05.17"]
[EventType "tourn"]
[EventRounds "9"]
[EventCountry "BIH"]
[EventCategory "19"]
[SourceTitle "CBM 071"]
[Source "ChessBase"]
[SourceDate "1999.08.01"]
[SourceVersion "1"]
[SourceVersionDate "1999.08.01"]
[SourceQuality "1"]

1. d4 d5 2. c4 c6 3. Nc3 dxc4 4. e4 b5 5. a4 b4 6. Na2 Nf6 7. e5 Nd5 8. Bxc4 e6
9. Nf3 Be7 10. Bd2 a5 11. Nc1 Nd7 12. Nb3 Bb7 13. O-O h6 $6 {Schwarz
beschließt, auf die kurze Rochade zu verzichten. Dieses Verfahren birgt stets
beachtliche Gefahren, weil es lange dauert, bis der Königsturm des Schwarzen
ins Spiel eingreifen kann. Die Folgen der kurzen Rochade werden im folgenden
Partiebeispiel vorgestellt:} (13... O-O 14. Qe2 c5 15. dxc5 (15. Bd3 cxd4 16.
Rfc1 Qb6 17. Nbxd4 Rfc8 18. Bb5 Nf8 19. g3 $11 {1/2-1/2 Yakovich,Y-Sadler,M/
EU-chTM 1997 (42)}) 15... Nxc5 16. Nxc5 Bxc5 17. Bd3 Ne7 {Dieser Rückzug
erregt mein Mißtrauen. Nach} (17... Be7 18. Qe4 g6 {ist die Stellung des
Schwarzen meines Erachtens solide genug.}) 18. Rad1 h6 $6 (18... Bxf3 19. Qxf3
Qb6 20. Qe4 Ng6 {ist noch keineswegs fatal für Schwarz.}) 19. Bxh6 Bxf3 $6 (
19... gxh6 20. Bh7+ Kxh7 21. Rxd8 Raxd8 22. Qc2+ Nf5 23. Qxc5 Bxf3 24. gxf3
Rg8+ 25. Kh1 Rd5 {lohnte vielleicht einen Versuch; die Festung des Schwarzen
ist schwer zu knacken, zum Beispiel} 26. Qc7 Rg7 27. f4 h5 28. h3 h4 29. Rc1 (
29. Qc2 Rg8) 29... Rd2 30. Rc2 Rd1+ 31. Kh2 Nd4) 20. Qxf3 gxh6 21. Qf4 Qb6 $2 (
{Die richtige Verteidigung bestand in} 21... Qe8 22. Qxh6 Ng6 23. Be4 Ra7 24.
Rd3 f5 25. exf6 Rxf6 {doch wird der Angriff des Weißen nach} 26. Qg5 Be7 27.
Rg3 {durchdringen.}) 22. Qxh6 Nf5 23. Qg5+ Ng7 24. Qh4 Nf5 25. Qg4+ Ng7 (25...
Kh8 26. Qh5+ Kg8 27. g4 {ist ebenfalls hoffnungslos.}) 26. Qe4 Nf5 27. g4 Kg7
28. Kh1 {1-0 Slipak,S-Rojas,L/Villa Martelli 1998/CBM 65/[Huebner,R] (28)}) 14.
Qc2 Rc8 15. Qe4 c5 16. Rac1 Kf8 {Schwarz deckt den Bauern auf g7
prophylaktisch, so daß Weiß kein Tempo mit dem Zuge De4-g4 gewinnen kann. Es
ist nun die Aufgabe des Weißen, die Stellung möglichst rasch zu öffnen; dann
wird es fühlbar werden, daß der Turm auf h8 nicht ins Spiel eingreifen kann.}
17. Bb5 Ba8 $2 (17... Bc6 {sollte meines Erachtens versucht werden. Nach} 18.
Bxc6 Rxc6 19. dxc5 Nxc5 20. Nxc5 Rxc5 (20... Bxc5 21. Be3) 21. Rc4 g6 22. Rfc1
Rxc4 23. Qxc4 Kg7 {kann Schwarz sich halten.}) 18. Qd3 g5 19. Bxd7 {Mit diesem
Zug erreicht Weiß sein Ziel, eine weitgehende Öffnung der Stellung; außerdem
gewinnt er (zunächst) einen Bauern.} ({Nach} 19. Nxa5 Qxa5 ({Die Fortsetzung} 
19... g4 20. Ne1 Nxe5 21. dxe5 Qxa5 22. f3 {ist riskant für Schwarz.}) 20. Bxd7
Rd8 21. Bb5 Nc7 {erhält Schwarz prächtiges Gegenspiel.}) 19... Qxd7 20. dxc5
Qxa4 (20... Bc6 21. Nxa5 Bxa4 22. c6 Bxc6 23. Qa6 g4 24. Nd4 Nc7 25. Qxc6 Qxd4
26. Rfd1 {führt zu einer Verluststellung für Schwarz.}) 21. Nfd4 $2 (21. Ra1
Qd7 22. Rxa5 {war meines Erachtens das richtige Verfahren. Weiß setzt mit
Sf3-d4, Tf1-a1 usw. fort; eines Tages wird der Bauer auf b4 nicht mehr haltbar
sein. Nach dem Textzug kann sich Schwarz erholen.}) 21... Qe8 22. c6 Bxc6 ({
Die Folge} 22... a4 23. Na5 Qd8 24. Nb7 (24. Qa6 Kg7 {führt zu einer unklaren
Stellung.}) 24... Qb6 ({Die Fortsetzung} 24... Qc7 25. Nc5 Bxc5 26. Rxc5 Qxe5
27. Ra1 {birgt für Schwarz Gefahren, weil sein Läufer eingeschlossen bleibt.})
25. Nd6 Bxd6 26. exd6 Bxc6 27. Rxc6 Rxc6 28. Nxc6 Qxc6 29. Bxb4 {überläßt dem
Weißen einige Initiative; der Textzug ist sicherer.}) 23. Nxc6 Rxc6 24. Nxa5
Rxc1 25. Rxc1 Kg7 $6 {Schwarz sollte keine Schwierigkeiten haben, diese
Stellung zu halten. Am einfachsten scheint mir die Fortsetzung} (25... Qa4 26.
Nc6 Bc5 27. Rxc5 Qd1+ 28. Qf1 Qxd2 {zu sein; Schwarz hat keine Probleme.}) 26.
Nc6 Qd7 27. Bxb4 Rc8 $6 (27... Bxb4 28. Nxb4 Rd8 {kam in Betracht. Nach} 29.
Nxd5 Qxd5 {hat Weiß meines Erachtens kaum Gewinnaussichten.}) 28. Bxe7 Rxc6 $6
(28... Qxe7 {bietet nach wie vor prächtige Remischancen.}) 29. Bf6+ Kg8 30.
Rxc6 Qxc6 31. Qd2 Qa4 $6 {Schwarz kann auf die Dauer nicht vermeiden, daß die
Partie in ein Damenendspiel übergeht,weil sein König auf Matt steht, und er
verliert mit dem folgenden Manöver nur Zeit. Bessere Rettungsaussichten bot
meines Erachtens die Fortsetzung} (31... Nxf6 32. exf6 e5 33. b4 Qxf6 34. b5 e4
) 32. h3 Qe4 33. f3 Qf5 $2 {Hiernach ist Schwarz definitiv verloren. Nötig war}
(33... Qc4 {, um den Versuch zu unternehmen, eine Art Festungsstellung
aufrechtzuerhalten.}) 34. Qa5 Nxf6 35. Qd8+ Ne8 36. Qxe8+ Kg7 37. Qb5 Qc2 (
37... Qf4 38. Qc5 {ist ebenfalls hoffnungslos für Schwarz.}) 38. Qb4 Qe2 39.
Qd4 h5 40. b4 Qe1+ 41. Kh2 h4 42. b5 Qg3+ 43. Kh1 Qe1+ 44. Qg1 Qxe5 45. Qb1 Qd5
46. b6 Qb7 47. Qb4 e5 48. Qc5 Kg6 49. Qc7 1-0

[Event "EU-chT (Men) 13th"]
[Site "Leon"]
[Date "2001.11.14"]
[Round "8.4"]
[White "Avrukh, Boris"]
[Black "Fressinet, Laurent"]
[Result "0-1"]
[WhiteElo "2606"]
[BlackElo "2588"]
[Annotator "Huebner,R"]
[PlyCount "80"]
[EventDate "2001.11.06"]
[EventType "team-swiss"]
[EventRounds "9"]
[EventCountry "ESP"]
[SourceTitle "CBM 086"]
[Source "ChessBase"]
[SourceDate "2002.02.05"]
[SourceVersion "1"]
[SourceVersionDate "2002.02.05"]
[SourceQuality "1"]
[WhiteTeam "Israel"]
[BlackTeam "France"]
[WhiteTeamCountry "ISR"]
[BlackTeamCountry "FRA"]

1. d4 d5 2. c4 c6 3. Nc3 Nf6 4. e3 a6 5. Qc2 g6 6. Nf3 Bg7 7. Bd2 O-O 8. Rc1
Bg4 9. Qb3 $6 (9. Ne5 Bf5 10. Qb3 {sieht besser aus.}) 9... Bxf3 10. Qxb7 Nbd7
11. gxf3 e5 (11... c5 {ist weniger überzeugend, obwohl Schwarz die
Beispielpartie rasch gewann:} 12. dxc5 Ne5 13. Rc2 $4 (13. Be2 $16) 13... Rb8
14. Qxa6 d4 15. exd4 Nxf3+ 16. Kd1 Nxd4 17. Bg2 Ng4 18. Be3 Nxc2+ 19. Kxc2
Nxe3+ 20. fxe3 Rxb2+ {0-1 Doroshkievich,V-Ovsejevitsch,S/Krasnodar 1996/EXT
2000 (20).}) 12. Qxc6 exd4 13. exd4 Re8+ 14. Kd1 $2 (14. Be3 {könnte zu einer
etwa ausgeglichenen Stellung führen:} Re6 15. Qa4 Nb6 16. Qa5 dxc4 17. Bh3 Re8
18. O-O {usw.}) 14... Re6 15. Qa4 Nb6 16. Qb3 dxc4 17. Bxc4 Nxc4 18. Qxc4 Rc8
19. Qd3 Nd7 20. Ne4 Rb8 21. Kc2 $2 {#} (21. Bc3 Ne5 22. Qe2 Nc6 {sieht nicht
gesund für Weiß aus.}) (21. Qc3 {bietet jedoch treffliche Überlebensaussichten:
} Nb6 22. Qc7 Qe8 (22... Qf8 {scheitert an} 23. Bb4) 23. Nc5 Rc8 (23... Rc6 24.
Qf4 {ist nicht aussichtsreicher für Schwarz.}) 24. Qf4 Na4 25. b3 $13) 21...
Ne5 $19 22. dxe5 ({Nach} 22. Qc3 Nc6 {fällt die Stellung des Weißen
auseinander.}) 22... Rc6+ $6 ({Einfacher gewann} 22... Rxb2+ 23. Kxb2 Qxd3 {
, denn nach} 24. Rc8+ Bf8 25. Bh6 Qb5+ 26. Ka1 (26. Kc2 Rc6+ $19) 26... Qxe5+
27. Kb1 (27. Nc3 Re8 {, und Schwarz gewinnt.}) 27... Rb6+ 28. Kc2 Rb8 {deckt
Schwarz das Matt und siegt mühelos.}) 23. Qc3 (23. Bc3 {wird mit} Rxb2+ 24.
Kxb2 Qxd3 25. Rhd1 Qb5+ 26. Ka1 Bxe5 {beantwortet.}) 23... Qd5 {Jetzt muß
Schwarz noch ein wenig arbeiten; er hat jedoch eine technische Gewinnstellung.}
24. Kb1 Rxc3 25. Bxc3 Bxe5 26. Ka1 Bxc3 27. Rxc3 Qe5 28. h4 h5 29. a3 Qf4 30.
Re3 Rc8 31. Kb1 Rc7 32. Rd3 Re7 33. Ka1 Kg7 34. Rc3 Rc7 35. Re3 Rc2 36. Ng5 Qc7
37. Ka2 Qc4+ 38. Kb1 Rxf2 39. Rc3 Qb5 40. Rc2 Qd3 0-1

[Event "Cannes m1"]
[Site "Cannes"]
[Date "2000.04.21"]
[Round "4"]
[White "Tkachiev, Vladislav"]
[Black "Piket, Jeroen"]
[Result "1-0"]
[WhiteElo "2670"]
[BlackElo "2633"]
[Annotator "Huebner,R"]
[PlyCount "65"]
[EventDate "2000.04.18"]
[EventType "match"]
[EventRounds "8"]
[EventCountry "FRA"]
[SourceTitle "CBM 077"]
[Source "ChessBase"]
[SourceDate "2000.07.27"]
[SourceVersion "1"]
[SourceVersionDate "2000.07.27"]
[SourceQuality "1"]

1. d4 d5 2. c4 c6 3. Nc3 dxc4 4. e3 b5 5. a4 b4 6. Ne4 Qd5 {Schwarz verteidigt
seinen Mehrbauern; das ist plausibel. Versucht wurde auch:} (6... Nf6 7. Nxf6+
exf6 8. Bxc4 Bd6 9. Qb3 (9. Qc2 O-O 10. Bd3 g6 11. Nf3 Qc7 12. b3 f5 13. Bb2
Be6 14. Bc4 Bd5 15. Bxd5 cxd5 16. Qxc7 Bxc7 17. Rc1 Bd6 18. Ke2 f6 19. h4 Kf7
20. Ne1 a5 21. Nd3 Ra6 22. Rc2 Rc6 23. Rxc6 Nxc6 24. Rc1 {1/2-1/2 Epishin,
V-Sakaev,K/St.Petersburg 1997/CBM 58 (24)}) 9... O-O 10. a5 Nd7 11. Ne2 f5 12.
Bd2 Nf6 13. O-O Qe7 14. Rfc1 Bd7 15. Nf4 Rab8 16. Nd3 Ne4 17. Be1 Rfd8 18. f3
Ng5 19. Ne5 Be8 20. Bf2 c5 21. Nd3 cxd4 22. exd4 Qf6 23. Re1 Qg6 24. Kh1 Qh5
25. Ne5 Kh8 $2 26. f4 Ne4 27. Rxe4 $1 fxe4 28. Bxf7 $2 (28. g4 Qh6 29. g5 Qh5
30. Bxf7 $1 Qe2 (30... g6 31. Qe6 $1 Bf8 32. d5 Bg7 33. Bxe8 $18 Rxe8 $2 34.
Nf7+ Kg8 35. Nh6+ Kh8 36. Qg8+ Rxg8 37. Nf7#) 31. Re1 $1 Qxf2 32. Ng6+ hxg6 33.
Qh3+ Qh4 34. Qxh4#) 28... Qf5 29. g4 (29. Bxe8 Bxe5 30. dxe5) 29... Qxf4 30.
Bg3 Qg5 31. Bxe8 Bxe5 32. Bxe5 Rxe8 33. Bxb8 Rxb8 34. Qe6 $2 (34. Qg3 $1) 34...
Qe3 $1 35. d5 Qf3+ 36. Kg1 Rf8 37. Qd6 Qxg4+ 38. Qg3 Qe2 39. Re1 Qxb2 40. Rxe4
b3 41. Qe1 Qc2 {0-1 Freiman,S-Botvinnik,M/Leningrad 1933/URS-ch/[RR] (41)}) (
6... Bf5 7. Ng3 Bg6 8. Bxc4 e6 9. Nf3 Bd6 10. b3 Nd7 11. Bb2 Ngf6 12. Rc1 $14 {
1-0 Epishin,V-Fang,J/Philadelphia 1998/EXT 99 (43)}) 7. Ng3 Nf6 (7... e5 {
ist auch nicht schlecht; in der folgenden Beispielpartie setzt Schwarz sehr
schwach fort:} 8. Nf3 exd4 9. e4 Qc5 10. Nxd4 b3 $6 (10... Nf6 {ist besser.})
11. Be2 Qa5+ $6 (11... Nf6) 12. Bd2 Bb4 $2 (12... Qc5) 13. Bxc4 $18 {1-0
Gonzalez Velez,F-Gual,A/Salamanca 1998/EXT 99 (39)}) 8. Nf3 (8. Be2 {ist
erwägenswert.}) 8... Ba6 (8... h5 9. e4 Nxe4 10. Nxe4 Qxe4+ 11. Be2 {geschah
in der Partie Epishin-L. Ortega, Bozen 1999; Weiß hat eine gefährliche
Initiative für die beiden geopferten Bauern.}) 9. Be2 e6 10. O-O ({Die
Fortsetzung} 10. Ne5 Qxg2 11. Bf3 Qh3 12. Nxc6 Nd5 {sieht nicht
vertrauenerweckend für Weiß aus.}) 10... Bd6 11. Bd2 ({Die Folge} 11. Qc2 b3
12. Qb1 (12. Qc3 Bxg3 13. hxg3 Ne4 {mit Vorteil für Schwarz.}) 12... Bxg3 13.
hxg3 c3 14. Bxa6 c2 {kostet den Weißen die Dame; dagegen erobert er nach dem
Textzug die Dame des Gegners.}) 11... h5 12. Ne5 h4 13. Bf3 hxg3 (13... Qa5 14.
Nxc6 Qb6 (14... Qc7 15. Nxb4 Bb7 16. Ne2 Bxh2+ 17. Kh1 h3 18. Nc3 {ist
ebensowenig deutlich.}) 15. Nxb8 Rxb8 16. Ne2 {führt zu einer etwa
ausgeglichenen Stellung. Natürlich konnte Schwarz der Versuchung nicht
widerstehen, die Dame zu opfern; in der Tat dürften die beiden Fortsetzungen
etwa gleichwertig sein.}) 14. Bxd5 gxh2+ 15. Kh1 cxd5 16. a5 {Weiß könnte auch
versuchen, die Stellung zu öffnen. Nach} (16. Qe1 c3 17. bxc3 Bxe5 ({Der in
der "Schachwoche" 19/2000, S.12 gemachte Vorschlag} 17... b3 {ist nicht besser;
Weiß antwortet} 18. c4) ({die Folge} 17... Bxf1 18. Qxf1 Bxe5 19. dxe5 Ne4 20.
Be1 {erleichtert die Aufgabe des Weißen.}) 18. dxe5 Ne4 19. c4 (19. f3 Bxf1 20.
fxe4 Bxg2+ 21. Kxg2 h1=Q+ 22. Qxh1 Rxh1 23. Rxh1 b3 24. exd5 exd5 25. Rh8+ Kd7
26. Bc1 Ke6 27. Re8+ Kf5 {führt zu einem Endspiel, das Weiß nicht halten kann.}
) 19... Bxc4 20. Bxb4 Nd7 21. Bd6 {dürfte sich die Stellung in etwa im
Gleichgewicht befinden.}) 16... Bb5 17. a6 (17. Qe1 {kann nun mit} Na6 {
pariert werden.}) 17... Nc6 ({Nach} 17... c3 18. bxc3 Bxf1 19. Qa4+ Ke7 20.
Rxf1 {hätte Weiß eine recht günstige Version des oben angeführten
Stellungstyps erhalten. Schwarz hält zu recht die Stellung geschlossen und
entwickelt sich ruhig.}) 18. Nxc6 Bxc6 19. Ra5 {Weiß versucht, den Gegner am
Damenflügel zu beschäftigen; vermutlich plante er mit diesem Zuge die Aufgabe
der Qualität, um den starken schwarzfeldrigen Läufer des Schwarzen zu
eliminieren. In Betracht kommt vielleicht auch} (19. g4 {mit der Absicht,
f2-f3, Kh1-g2, Tf1-h1 und Ld2-e1-g3 folgen zu lassen.}) 19... Rb8 20. Qe2 Ne4
21. Rfa1 Bc7 22. Be1 $1 ({Nach} 22. R5a2 b3 23. Ra3 Bd6 24. Ra5 Nxd2 25. Qxd2
Bb4 {hat Schwarz eine technische Gewinnstellung.}) 22... Bxa5 23. Rxa5 c3 {
Mit einem ruhigen Verfahren erreicht Schwarz nicht mehr:} (23... Kd7 24. f3 Nd6
25. Bg3 Rb5 26. Rxb5 Bxb5 27. Qe1 Nf5 (27... c3 28. bxc3 b3 29. c4 {ist
ungesund für Schwarz.}) 28. Bf4 {mit unklaren Folgen.}) 24. f3 Nd6 25. Bg3 Rb5
26. Ra1 Nc4 (26... cxb2 27. Qxb2 Nc4 28. Qb3 {mit unklarer Stellung.}) (26...
Nf5 27. Bf2 cxb2 28. Qxb2 O-O {war vielleicht am wirksamsten.}) 27. b3 (27.
bxc3 b3 {ist natürlich unerfreulich für Weiß.}) 27... Nb6 $6 (27... Nd2 28. Qd1
Kd7 29. Be1 Rb6 30. Bxd2 cxd2 31. Qxd2 {führt zu einer ausgeglichenen Stellung.
}) (27... Na3 28. Bd6 {sieht nicht günstiger für Schwarz aus.}) 28. Bd6 Kd7 $6
(28... Nd7 {war vorsichtiger.}) 29. Bc5 Rb8 $2 ({Nach} 29... g5 30. Qf2 f6 31.
Qg3 Nc8 {wäre die Stellung im Gleichgewicht geblieben.}) 30. Qf2 {Jetzt kann
Schwarz seine schwarzfeldrigen Schwächen nicht mehr decken.} Nc8 31. Qg3 R8b6 (
{Nach} 31... g6 {gewinnt Weiß zum Beispiel mit der Folge} 32. Qf4 Ke8 (32... f5
33. Qe5) 33. Qc7 Bd7 34. g4 {, und Schwarz kann sich nicht mehr rühren; auf} g5
{folgt} 35. Ra2) 32. Qxg7 Nd6 33. Qf8 1-0

[Event "Solin 12th"]
[Site "Solin/Split"]
[Date "2004.12.11"]
[Round "8"]
[White "Jankovic, Alojzije"]
[Black "Dizdarevic, Emir"]
[Result "1-0"]
[WhiteElo "2477"]
[BlackElo "2538"]
[Annotator "Huebner,R"]
[PlyCount "73"]
[EventDate "2004.12.03"]
[EventType "tourn"]
[EventRounds "9"]
[EventCountry "CRO"]
[EventCategory "10"]
[SourceTitle "CBM 105"]
[Source "ChessBase"]
[SourceDate "2005.04.11"]
[SourceVersion "1"]
[SourceVersionDate "2005.04.11"]
[SourceQuality "1"]

1. d4 d5 2. c4 c6 3. Nc3 dxc4 4. e4 b5 5. a4 b4 6. Na2 Nf6 7. e5 Nd5 8. Bxc4 e6
9. Nf3 Be7 10. O-O a5 11. Bd2 Ba6 12. Qe2 h6 13. Nc1 Bxc4 14. Qxc4 Qb6 {
Schwarz hat sich aufgebaut wie in der Partie Kasparov-Svidler, Moskau 2004;
auch in dieser Partie zeigt sich, daß die Struktur des Schwarzen freudlos ist.}
15. Nd3 Qa6 16. Rfc1 Qxc4 17. Rxc4 Kd7 18. b3 Na6 19. Rac1 Rhc8 20. R4c2 Rc7
21. Nb2 c5 22. Nc4 Nb8 $6 (22... cxd4 23. Nxd4 (23. Nxa5 $2 Rxc2 24. Rxc2 Nc5
$19) 23... Nc5 {führt zu einer ungefähr ausgeglichenen Stellung, da der Druck
gegen den Bauern auf a5 durch den Druck gegen den bauern auf b3 ausgeglichen
wird. Nach dem Textzug wird Schwarz auch mit der Schwäche des Feldes b5 zu
kämpfen haben.}) 23. Be3 Ra6 24. dxc5 Nxe3 25. fxe3 Rxc5 26. Nd4 Nc6 $6 ({Nach
} 26... Rd5 27. Kf2 (27. Nb5 {führt zu nichts:} Rc6 28. Nxa5 Rxc2 29. Rxc2 Bc5
30. Nc4 Nc6 31. Kf1 Nxe5 32. e4 Nxc4 33. Rxc4 Re5 $11) 27... Nc6 28. Nb5 f5 29.
exf6 Bxf6 30. Ke2 {hält sich der Vorteil des Weißen in Grenzen.}) 27. Nb5 Rd5
$2 (27... f5 {scheitert hier an} 28. exf6 gxf6 29. Rd2+ Rd5 30. Rxd5+ exd5 31.
Rd1) ({aber nach} 27... Bd8 {gefolgt von f7-f6 kann Schwarz Widerstand leisten.
}) 28. Nxa5 Rxa5 $6 {Schwarz sollte sich seinen Springer erhalten. Zäher ist} (
28... Bc5 29. Rxc5 Rxc5 30. Rxc5 Rxa5 {, aber denn och hat Weiß nach} 31. Kf2 {
eine Gewinnstellung.}) 29. Rxc6 Rd1+ 30. Kf2 Rd2+ (30... Rxc1 31. Rxc1 Ra6 32.
Rc7+ Kd8 33. Kf3 {ist auch hoffnungslos.}) 31. Kf3 f5 32. Rc8 Bd8 33. Rb8 Ke7
34. Nd4 Rd5 35. Rcc8 R5xd4 36. exd4 Rxd4 37. Rb7+ 1-0